000 00524nam a22002297a 4500
001 22181
005 20260406181915.0
008 260406b |||||||| |||| 00| 0 spa d
041 _aESP
082 _a346C5
_bG312 T. 4 2022
100 _a,
110 _aGaceta Jurídica
245 _aGaceta Jurídica
246 _aCódigo civil comentado
260 _a :
_b ,
_c2022
300 _a653 páginas :
_b ;
_c25 cm
440 _a ;
650 _aDER
654 _aCDE
700 _a;
942 _cLIB
_dJUS
_fJUS
_n0
_2ddc
999 _c22181
_d22181